Statistics for Despacito Lyrics (Justin Bieber) Quiz

Click here to take the quiz!

General Stats

  • This quiz has been taken 430 times
  • The average score is 6 of 10

Answer Stats

Despacito% Correct
Coming over, in {my direction}
91%
So {thankful} for that, it's such a blessing
82%
Turn {every situation} into heaven, yeah
76%
{Got me feeling} some kind of way
73%
Oh oh, you are my sunrise on {the darkest day}
71%
You fit me tailor-made, love how you {put it on}
55%
Got the only {key}, know how to turn it on
52%
Baby, take it slow so we can {last long}
48%
Make me want to {savour every moment} slowly, slowly
34%
The way you {nibble on my ear,} the only words I wanna hear
30%

Score Distribution

Percentile by Number Answered

Percent of People with Each Score

Your Score History

You have not taken this quiz